000
00214 a2200097 4500
001
36532
100
_a
Ishfaq Ahmad
245
_a
Ajlay Pool
260
_a
Lahore
_b
Sang-e-Meel Publication
_c
090
_c
23613
_d
23613
942
_a
NUST-CAE
_c
M
_c
15129
999
_c
271605
_d
271605